[Event "Wichern op 5th"]
[Site "Hamburg"]
[Date "1999.10.21"]
[Round "8.63"]
[White "Batyrov, Sapar"]
[Black "Ornstein, Petra"]
[Result "1-0"]
[WhiteElo "2481"]
[BlackElo "1900"]
[PlyCount "81"]
[EventDate "1999.10.15"]
[EventType "swiss"]
[EventRounds "9"]
[EventCountry "GER"]
[SourceTitle "EXT 2001"]
[Source "ChessBase"]
[SourceDate "2000.11.22"]
[SourceVersion "1"]
[SourceVersionDate "2000.11.22"]
[SourceQuality "1"]

1. d4 Nf6 2. Nf3 g6 3. c4 Bg7 4. Nc3 0-0 5. e4 d6 6. Be2 e5 7. 0-0 Nc6 8. d5 Ne7 9. Ne1 Ne8 10. Be3 f5 11. f3 f4 12. Bf2 g5 13. Rc1 Rf7 14. g4 h5 15. h3 Ng6 16. c5 Bf8 17. Nd3 Rh7 18. b4 hxg4 19. hxg4 Nh4 20. Bxh4 gxh4 21. Kh2 h3 22. Rh1 Qh4 23. Qg1 Be7 24. Bf1 Nf6 25. Qf2 Qh6 26. g5 Qxg5 27. Rg1 Bg4 28. Be2 Kh8 29. fxg4 Rg8 30. Qf3 Rh6 31. Nb5 c6 32. Nc7 cxd5 33. Nxd5 Nxd5 34. exd5 Qg6 35. Nf2 Bh4 36. Ne4 dxc5 37. bxc5 Rd8 38. c6 bxc6 39. Rxc6 Qg7 40. g5 Rxc6 41. dxc6 1-0

[Event "Wichern op 5th"]
[Site "Hamburg"]
[Date "1999.10.17"]
[Round "3.29"]
[White "Batyrov, Sapar"]
[Black "Lindberg, Bengt"]
[Result "1/2-1/2"]
[WhiteElo "2481"]
[BlackElo "2299"]
[PlyCount "117"]
[EventDate "1999.10.15"]
[EventType "swiss"]
[EventRounds "9"]
[EventCountry "GER"]
[SourceTitle "EXT 2001"]
[Source "ChessBase"]
[SourceDate "2000.11.22"]
[SourceVersion "1"]
[SourceVersionDate "2000.11.22"]
[SourceQuality "1"]

1. d4 Nf6 2. Nf3 e6 3. c4 b6 4. a3 Ba6 5. Qc2 Bb7 6. Nc3 c5 7. e4 cxd4 8. Nxd4 Bc5 9. Nb3 Nc6 10. Bg5 h6 11. Bh4 Nd4 12. Nxd4 Bxd4 13. Bd3 Qb8 14. Bg3 Be5 15. 0-0-0 0-0 16. Kb1 Rc8 17. Rhe1 a6 18. Bxe5 Qxe5 19. Qd2 d6 20. g4 b5 21. f4 Qc5 22. g5 hxg5 23. fxg5 Ng4 24. g6 fxg6 25. cxb5 axb5 26. Bxb5 Nf2 27. Rc1 Nxe4 28. Nxe4 Bxe4+ 29. Rxe4 Qxb5 30. Rxc8+ Rxc8 31. Qxd6 Re8 32. Rb4 Qf1+ 33. Ka2 e5 34. Qxg6 Qf7+ 35. Qxf7+ Kxf7 36. Re4 Kf6 37. b4 Kf5 38. Re1 e4 39. a4 e3 40. Kb3 Ke4 41. b5 Kd4 42. Kb4 Rh8 43. Rd1+ Ke4 44. a5 Rxh2 45. b6 Rb2+ 46. Kc5 e2 47. Ra1 Ra2 48. Re1 Rxa5+ 49. Kc6 Ra6 50. Rxe2+ Kf3 51. Re5 Kf4 52. Ra5 Rxb6+ 53. Kxb6 g5 54. Ra8 g4 55. Kc5 g3 56. Kd4 g2 57. Rf8+ Kg3 58. Rg8+ Kf2 59. Rxg2+ 1/2-1/2